[Event "ICS rated blitz match"]
[Site "204.178.125.65"]
[Date "1999.11.13"]
[Round "?"]
[White "Hossa"]
[Black "lambChop"]
[Result "0-1"]
[WhiteElo "2364"]
[BlackElo "2534"]
[PlyCount "170"]
[EventDate "1999.??.??"]

1. Nf3 Nf6 2. Nc3 d5 3. e3 Bg4 4. Be2 Bxf3 5. Bxf3 Nc6 6. d4 e6 7. O-O Bb4 8.
a3 Bxc3 9. bxc3 Qe7 10. a4 O-O-O 11. c4 Qd7 12. cxd5 exd5 13. a5 Rhe8 14. Be2
Ne4 15. a6 b6 16. Bb2 Qe6 17. Bb5 Rd7 18. Qh5 h6 19. Rad1 Kb8 20. c4 Rg8 21.
cxd5 Rxd5 22. Qe2 Na5 23. Bd3 Re8 24. Rc1 f5 25. Rfe1 Qg6 26. Qc2 c6 27. Bc3
Nxc3 28. Qxc3 c5 29. dxc5 Rc8 30. Qa3 Rdxc5 31. Rxc5 Rxc5 32. Qa4 Qc6 33. Qa1
Qd7 34. Rd1 Rd5 35. Qc3 b5 36. f3 Nc4 37. e4 Rd4 38. Qb3 fxe4 39. fxe4 Kc7 40.
Kh1 Kb6 41. g3 Ne5 42. Be2 Rxd1+ 43. Bxd1 Kxa6 44. Be2 Qc6 45. Qa4+ Kb6 46.
Qd4+ Qc5 47. Qd8+ Ka6 48. h4 Nc6 49. Qd7 Qc3 50. Bd3 Kb6 51. Qd5 b4 52. Qb5+
Kc7 53. Qa6 b3 54. Kh2 b2 55. Bb1 g5 56. hxg5 hxg5 57. Kh3 Qf3 58. Qa2 Qh5+ 59.
Kg2 Qe2+ 60. Kh3 Qf1+ 61. Kg4 Qf6 62. Kh5 Qf2 63. Qb3 Qd2 64. Qf7+ Kb6 65. Qb3+
Nb4 66. Kg6 a5 67. e5 Kb5 68. e6 a4 69. Qf3 Nc6 70. Qe4 a3 71. e7 Qd6+ 72. Kf7
Ne5+ 73. Qxe5+ Qxe5 74. e8=Q+ Qxe8+ 75. Kxe8 Kc4 76. Ba2+ Kc3 77. Ke7 Kc2 78.
Be6 b1=Q 79. Bf5+ Kc1 80. Bc8 a2 81. Kf7 a1=Q 82. Bd7 Qh7+ 83. Ke6 Qd4 84. Be8
Qde4+ 85. Kd6 85... Qhe7# {Hossa checkmated} 0-1

[Event "ICS rated blitz match"]
[Site "204.178.125.65"]
[Date "1999.11.13"]
[Round "?"]
[White "Hossa"]
[Black "JudgeTurpin"]
[Result "1-0"]
[WhiteElo "2330"]
[BlackElo "2526"]
[PlyCount "139"]
[EventDate "1999.??.??"]

1. d4 Nf6 2. c4 g6 3. Nc3 d5 4. Bf4 Bg7 5. e3 c5 6. dxc5 Qa5 7. Qa4+ Qxa4 8.
Nxa4 O-O 9. Nf3 Ne4 10. cxd5 Bd7 11. Bd3 f5 12. c6 bxc6 13. Bc4 c5 14. d6+ e6
15. Ne5 Bxa4 16. Bxe6+ Kh8 17. Bd5 Nd7 18. Bxa8 Rxa8 19. Nxd7 Bxd7 20. f3 Bxb2
21. Rb1 Bc3+ 22. Ke2 Nf6 23. Rb7 Bc8 24. Rc7 Nd7 25. Rb1 Ba5 26. Rxc8+ Rxc8 27.
Rb7 Nf6 28. Rxa7 Bb6 29. Be5 Rf8 30. Ra6 Bd8 31. Rc6 Kg8 32. Rxc5 Nd7 33. Rb5
Kf7 34. g4 fxg4 35. fxg4 Bb6 36. Bf4 Bc5 37. a4 Ke6 38. a5 Bxd6 39. Bxd6 Kxd6
40. h4 Rc8 41. Kf3 Rc5 42. Rxc5 Kxc5 43. e4 Kb5 44. Kf4 Nf6 45. e5 Ng8 46. e6
Kc6 47. Ke5 Ne7 48. a6 Nd5 49. a7 Nc7 50. Kf6 Kb7 51. e7 Kxa7 52. Kg7 h5 53. g5
Kb6 54. Kf7 Kb7 55. e8=Q Nxe8 56. Kxe8 Kc8 57. Kf7 Kd7 58. Kxg6 Kc8 59. Kf6 Kd7
60. g6 Kc6 61. g7 Kb6 62. Ke5 Kb5 63. Kd4 Kc6 64. g8=Q Kd7 65. Qd5+ Kc8 66. Kc5
Kc7 67. Qxh5 Kd8 68. Qf7 Kc8 69. Kc6 Kd8 70. Qf8# {JudgeTurpin checkmated} 1-0

[Event "ICS rated blitz match"]
[Site "204.178.125.65"]
[Date "1999.11.13"]
[Round "?"]
[White "prg3"]
[Black "Hossa"]
[Result "0-1"]
[WhiteElo "2123"]
[BlackElo "2354"]
[PlyCount "52"]
[EventDate "1999.??.??"]

1. d4 Nf6 2. c4 e6 3. Nc3 d5 4. Bg5 Be7 5. Nf3 O-O 6. e3 b6 7. Bxf6 Bxf6 8.
cxd5 exd5 9. Be2 c5 10. O-O Nc6 11. Rc1 cxd4 12. Nxd4 Nxd4 13. exd4 Be6 14. Bf3
Qd6 15. a3 Bg5 16. Rc2 Rac8 17. Re1 Bf4 18. g3 Bh6 19. Re5 g6 20. Bxd5 Rxc3 21.
Rxc3 Bxd5 22. f4 Bg7 23. Re2 Qd7 24. Rd2 Bb7 25. Re3 Qd5 26. h4 26... Bxd4 {
prg3 resigns} 0-1

[Event "ICS rated blitz match"]
[Site "204.178.125.65"]
[Date "1999.11.13"]
[Round "?"]
[White "prg3"]
[Black "Hossa"]
[Result "1/2-1/2"]
[WhiteElo "2099"]
[BlackElo "2361"]
[PlyCount "82"]
[EventDate "1999.??.??"]

1. d4 Nf6 2. c4 e6 3. Nc3 d5 4. Bg5 Be7 5. Nf3 O-O 6. e3 b6 7. Rc1 Ba6 8. b3
Nbd7 9. Bd3 Ba3 10. Rc2 c6 11. O-O Rc8 12. Ne5 Be7 13. f4 c5 14. Rf3 Bb7 15.
Rh3 h6 16. Bh4 Re8 17. Rf2 cxd4 18. exd4 Ne4 19. Bxe7 Nxf2 20. Bh7+ Kxh7 21.
Qc2+ f5 22. Bxd8 Nxh3+ 23. gxh3 Nxe5 24. fxe5 Rcxd8 25. c5 bxc5 26. dxc5 Ba6
27. b4 d4 28. Nb1 Re7 29. Nd2 g5 30. a4 d3 31. Qc3 Bc8 32. b5 Rg7 33. a5 g4 34.
h4 Kg6 35. c6 Kh5 36. b6 axb6 37. axb6 Kxh4 38. Qb3 Re7 39. Qb4 Rf7 40. Qb3 Re7
41. Qb4 41... Rf7 {Game drawn by mutual agreement} 1/2-1/2

[Event "ICS rated blitz match"]
[Site "204.178.125.65"]
[Date "1999.11.13"]
[Round "?"]
[White "Hossa"]
[Black "prg3"]
[Result "1-0"]
[WhiteElo "2351"]
[BlackElo "2109"]
[PlyCount "75"]
[EventDate "1999.??.??"]

1. d4 d5 2. c4 c6 3. Nc3 Nf6 4. Nf3 dxc4 5. a4 Bf5 6. e3 e6 7. Bxc4 Bb4 8. Bd2
a5 9. O-O O-O 10. Qe2 Bg6 11. Ne5 Nbd7 12. Nxg6 hxg6 13. Rfe1 e5 14. Qd3 Re8
15. Qxg6 Qe7 16. Rac1 b5 17. axb5 cxb5 18. Ba2 Bxc3 19. Bxc3 b4 20. dxe5 bxc3
21. exf6 Nxf6 22. bxc3 Reb8 23. Rc2 a4 24. Rd1 a3 25. Rcd2 Rb2 26. Bxf7+ Qxf7
27. Rd8+ Ne8 28. Qxf7+ Kxf7 29. Rxa8 a2 30. c4 Nc7 31. Ra7 Ke6 32. Kf1 Ke5 33.
Ke1 Ne6 34. Rd5+ Kf6 35. Rda5 Rb1+ 36. Kd2 Rb2+ 37. Kc3 Rxf2 38. Rxa2 {
prg3 resigns} 1-0

[Event "ICS rated blitz match"]
[Site "204.178.125.65"]
[Date "1999.11.13"]
[Round "?"]
[White "prg3"]
[Black "Hossa"]
[Result "1/2-1/2"]
[WhiteElo "2103"]
[BlackElo "2357"]
[PlyCount "46"]
[EventDate "1999.??.??"]

1. d4 Nf6 2. c4 e6 3. Nc3 d5 4. Bg5 Be7 5. Nf3 O-O 6. e3 b6 7. Bd3 c5 8. O-O
Ba6 9. cxd5 exd5 10. Bxf6 Bxf6 11. dxc5 Bxc3 12. bxc3 bxc5 13. Qc2 Bxd3 14.
Qxd3 c4 15. Qd2 Na6 16. Rfd1 Nc7 17. Ne5 Qe8 18. Nf3 Qd8 19. Rab1 Rb8 20. Qd4
Nb5 21. Qd2 Nc7 22. Qd4 Nb5 23. Qd2 23... Nc7 {Game drawn by repetition}
1/2-1/2

[Event "ICS rated blitz match"]
[Site "204.178.125.65"]
[Date "1999.11.13"]
[Round "?"]
[White "Hossa"]
[Black "prg3"]
[Result "1-0"]
[WhiteElo "2347"]
[BlackElo "2113"]
[PlyCount "35"]
[EventDate "1999.??.??"]

1. d4 d5 2. c4 c6 3. Nc3 Nf6 4. Nf3 dxc4 5. a4 Bf5 6. e3 e6 7. Bxc4 Bb4 8. Bd2
a5 9. O-O O-O 10. Qe2 Bxc3 11. bxc3 Ne4 12. Bd3 Nd7 13. Be1 Ndf6 14. Rb1 Qe7
15. c4 Rfb8 16. Ne5 Qc7 17. f3 Nd6 18. e4 {prg3 resigns} 1-0

[Event "ICS rated blitz match"]
[Site "204.178.125.65"]
[Date "1999.11.13"]
[Round "?"]
[White "prg3"]
[Black "Hossa"]
[Result "0-1"]
[WhiteElo "2106"]
[BlackElo "2354"]
[PlyCount "66"]
[EventDate "1999.??.??"]

1. d4 Nf6 2. c4 e6 3. Nc3 d5 4. Bg5 Be7 5. Nf3 O-O 6. e3 b6 7. Rc1 Ba6 8. b3
Nbd7 9. Bd3 Ba3 10. Rc2 c6 11. O-O Rc8 12. Ne5 Be7 13. cxd5 Bxd3 14. Qxd3 Nxe5
15. dxe5 Nxd5 16. Bxe7 Qxe7 17. Nxd5 exd5 18. f4 f6 19. exf6 Rxf6 20. Rfc1 Rc7
21. g3 Qe8 22. b4 Re7 23. Rc3 Rd6 24. R1c2 Re4 25. a3 Rde6 26. Kf2 Qd7 27. Qd2
d4 28. exd4 Rxd4 29. Qc1 Rd1 30. Qb2 Qd4+ 31. Kg2 Rg1+ 32. Kh3 Rh6+ 33. Kg4
33... Rg6+ {prg3 resigns} 0-1

[Event "ICS rated blitz match"]
[Site "204.178.125.65"]
[Date "1999.11.14"]
[Round "?"]
[White "Hossa"]
[Black "prg3"]
[Result "1-0"]
[WhiteElo "2378"]
[BlackElo "2106"]
[PlyCount "43"]
[EventDate "1999.??.??"]

1. d4 Nf6 2. c4 e6 3. Nc3 Bb4 4. e3 c5 5. Nge2 O-O 6. a3 cxd4 7. axb4 dxc3 8.
bxc3 d5 9. cxd5 exd5 10. Nd4 Nc6 11. Nxc6 bxc6 12. Bd3 Re8 13. O-O Bg4 14. f3
Bh5 15. Ra6 Qd7 16. Qa4 Rec8 17. Rd1 Qb7 18. Bd2 Bg6 19. Be2 Nd7 20. Ra5 Nb6
21. Qa2 Nd7 22. Ba6 {prg3 resigns} 1-0

[Event "ICS rated blitz match"]
[Site "204.178.125.65"]
[Date "1999.11.14"]
[Round "?"]
[White "prg3"]
[Black "Hossa"]
[Result "1-0"]
[WhiteElo "2100"]
[BlackElo "2384"]
[PlyCount "125"]
[EventDate "1999.??.??"]

1. d4 Nf6 2. c4 e6 3. Nc3 d5 4. Bg5 Be7 5. Nf3 O-O 6. e3 b6 7. Bd3 c5 8. O-O
Ba6 9. cxd5 exd5 10. Bxa6 Nxa6 11. dxc5 bxc5 12. Bxf6 Bxf6 13. Qxd5 Qxd5 14.
Nxd5 Bxb2 15. Rab1 Rfb8 16. Rfd1 c4 17. Ne1 c3 18. Nc2 Rd8 19. Kf1 Nc5 20. f3
Kh8 21. Ke2 a5 22. Rd4 Ne6 23. Rd3 Rac8 24. Rbd1 Rc4 25. Nb6 Rxd3 26. Nxc4 Rxd1
27. Kxd1 a4 28. Nd4 Nc5 29. Kc2 Ba1 30. Ne2 Na6 31. a3 Nc5 32. Nxc3 h5 33. Nb6
g5 34. Nbxa4 Nxa4 35. Nxa4 Be5 36. Nc3 Bxh2 37. a4 Bc7 38. e4 g4 39. fxg4 hxg4
40. Kd3 Kh7 41. Kc4 Kh6 42. Kb5 Kg5 43. Ne2 f6 44. a5 Bb8 45. Kb6 Kg6 46. a6 f5
47. e5 Kf7 48. Kb7 Bxe5 49. a7 f4 50. a8=Q f3 51. gxf3 gxf3 52. Ng1 f2 53. Qa2+
Ke7 54. Qxf2 Bf6 55. Nf3 Kf7 56. Kc6 Kg7 57. Kd7 Kg8 58. Ke6 Bc3 59. Qg3+ Bg7
60. Nh4 Kh7 61. Qg6+ Kh8 62. Kf7 Bc3 63. Qg8# {Hossa checkmated} 1-0

[Event "ICS rated blitz match"]
[Site "204.178.125.65"]
[Date "1999.11.14"]
[Round "?"]
[White "Hossa"]
[Black "Amateur"]
[Result "0-1"]
[WhiteElo "2357"]
[BlackElo "2452"]
[PlyCount "122"]
[EventDate "1999.??.??"]

1. d4 d5 2. c4 e6 3. Nf3 Nf6 4. Nc3 Be7 5. Bg5 h6 6. Bxf6 Bxf6 7. e4 dxe4 8.
Nxe4 Nc6 9. Nxf6+ Qxf6 10. Rc1 O-O 11. Rc3 Rd8 12. Rd3 Qg6 13. a3 b6 14. b4 Bb7
15. Re3 Qg4 16. Rd3 Ne7 17. h3 Qg6 18. g3 Be4 19. Rd2 a5 20. Bg2 axb4 21. Ne5
Qf5 22. f3 Bb7 23. axb4 f6 24. Ng4 Qg6 25. Kf2 Nf5 26. Re1 h5 27. Rxe6 hxg4 28.
hxg4 Nd6 29. Qb3 Qf7 30. d5 b5 31. cxb5 Nxb5 32. Qc4 Nd6 33. Qd4 Ra3 34. Kg1
Qg6 35. Re7 Re8 36. Rxc7 Nb5 37. Qb6 Nxc7 38. Qxb7 Re1+ 39. Bf1 Rxf3 40. Qb8+
Ne8 41. Rf2 Qxg4 42. Kg2 Ree3 43. Qxe8+ Rxe8 44. Rxf3 Qxb4 45. Rf4 Re4 46. Rf2
Re5 47. Bd3 Rxd5 48. Be2 Kf7 49. Bf3 Rd3 50. Bh5+ g6 51. Be2 Re3 52. Kh2 Ke6
53. Rg2 Ke5 54. Bd1 Qe1 55. Ba4 Qf1 56. Bd7 Re1 57. Kh3 Re2 58. Kg4 Qxg2 59.
Bc6 Qxc6 60. Kh4 Rh2+ 61. Kg4 61... Qe4# {Hossa checkmated} 0-1

[Event "ICS rated blitz match"]
[Site "204.178.125.65"]
[Date "1999.11.14"]
[Round "?"]
[White "Amateur"]
[Black "Hossa"]
[Result "0-1"]
[WhiteElo "2477"]
[BlackElo "2345"]
[PlyCount "100"]
[EventDate "1999.??.??"]

1. g3 e5 2. c4 Nf6 3. Bg2 Nc6 4. Nf3 Bc5 5. Nc3 d6 6. O-O O-O 7. d3 Bg4 8. Na4
Bb6 9. Nxb6 axb6 10. Be3 Qe7 11. a3 Qd7 12. Bg5 Ne8 13. Nh4 Bh3 14. Qd2 Bxg2
15. Nxg2 Qh3 16. b4 h6 17. b5 Nd4 18. Be7 Nf6 19. Ne3 Nb3 20. Qb4 Nxa1 21. Bxf8
Nc2 22. Qc3 Nxe3 23. fxe3 Ng4 24. Rf2 Nxf2 25. Kxf2 Qxh2+ 26. Kf3 e4+ 27. dxe4
Kxf8 28. Qc1 Qh5+ 29. Kf2 Qc5 30. Kg2 Rxa3 31. Kf2 Rb3 32. g4 Rxb5 33. g5 hxg5
34. Qc2 Ra5 35. Qc1 g4 36. Qg1 Qh5 37. Kg2 Qh3+ 38. Kf2 Ra2 39. Qg3 Rxe2+ 40.
Kxe2 Qxg3 41. Kd3 Qf2 42. c5 bxc5 43. e5 d5 44. e6 c4+ 45. Kc3 Qxe3+ 46. Kc2
Qf2+ 47. Kc3 b6 48. e7+ Kxe7 49. Kb4 Qb2+ 50. Ka4 50... Qb3# {
Amateur checkmated} 0-1

[Event "ICS rated blitz match"]
[Site "204.178.125.65"]
[Date "1999.11.14"]
[Round "?"]
[White "Hossa"]
[Black "Amateur"]
[Result "0-1"]
[WhiteElo "2367"]
[BlackElo "2455"]
[PlyCount "114"]
[EventDate "1999.??.??"]

1. e4 e6 2. d3 Nf6 3. e5 Nd5 4. d4 Nc6 5. Nf3 Be7 6. c4 Nb6 7. c5 Nd5 8. Nc3
Nxc3 9. bxc3 h5 10. Bd3 h4 11. h3 O-O 12. Be3 b6 13. cxb6 axb6 14. O-O Ba6 15.
Bxa6 Rxa6 16. Qe2 Ra4 17. Qc2 Ra5 18. Nd2 Ra7 19. Nc4 f6 20. f4 Qa8 21. Rf2
fxe5 22. fxe5 Rxf2 23. Bxf2 b5 24. Nd2 b4 25. Nb1 Ra4 26. c4 Bg5 27. Kh1 Ra5
28. Qe2 Bh6 29. Kg1 Bf4 30. a3 bxa3 31. Qe4 Bc1 32. Be1 Bb2 33. Bxa5 Bxa1 34.
Bc3 Bxc3 35. Nxc3 a2 36. Nxa2 Qxa2 37. d5 Qa1+ 38. Kf2 Qxe5 39. Ke3 Qxe4+ 40.
Kxe4 Nd8 41. dxe6 Nxe6 42. Kf3 Kf7 43. Kg4 Ke7 44. Kxh4 Kd6 45. Kh5 Kc5 46. Kg6
Kxc4 47. Kf7 Kd5 48. Ke7 c5 49. h4 Kc6 50. Kf7 c4 51. Kg6 c3 52. g4 c2 53. Kf7
c1=Q 54. Kg8 Qf4 55. Kh7 Qf7 56. Kh8 g6 57. h5 57... Qg7# {Hossa checkmated}
0-1

[Event "ICS Rated standard match"]
[Site "204.178.125.65"]
[Date "1999.11.14"]
[Round "?"]
[White "robbok1"]
[Black "Hossa"]
[Result "1-0"]
[WhiteElo "2483"]
[BlackElo "2308"]
[PlyCount "137"]
[EventDate "1999.??.??"]

1. e4 c5 2. Nf3 e6 3. d4 cxd4 4. Nxd4 Nf6 5. Nc3 d6 6. Be3 a6 7. Be2 Be7 8. O-O
O-O 9. f4 d5 10. e5 Ne4 11. Nxe4 dxe4 12. c3 b6 13. f5 Qc7 14. fxe6 fxe6 15.
Qb3 Qxe5 16. Qxb6 Qc5 17. Qb3 Rxf1+ 18. Rxf1 Nc6 19. Nf5 Qd5 20. Bc4 Qd7 21.
Rd1 Qe8 22. Bxe6+ Kh8 23. Bf7 Qf8 24. Nxe7 Qxe7 25. Qd5 Bb7 26. Bc5 Qe5 27. Bb6
Rf8 28. Qd7 Ba8 29. Bc4 Qb8 30. Qc7 Rc8 31. Qxb8 Nxb8 32. Be6 Re8 33. Bf7 Rf8
34. Bc5 Rc8 35. Be6 Re8 36. Kf2 Nc6 37. Bd7 Rb8 38. b3 Ne5 39. Bd6 Nd3+ 40. Ke3
Rd8 41. Rf1 Ne1 42. Bh3 Nc2+ 43. Ke2 Bd5 44. Bc5 Bc6 45. Rd1 Rd3 46. c4 h5 47.
Rd2 Rxd2+ 48. Kxd2 Na1 49. Bf5 e3+ 50. Kxe3 Bxg2 51. Bd4 Nxb3 52. axb3 Kg8 53.
Bc8 a5 54. Bb6 a4 55. bxa4 g5 56. a5 g4 57. a6 Kg7 58. Bb7 Bf1 59. Kd4 Be2 60.
a7 g3 61. hxg3 h4 62. gxh4 Bh5 63. a8=Q Bf7 64. Bc5 Kg6 65. Be4+ Kh5 66. Qh8+
Kg4 67. Qf6 Bg6 68. Qf3+ Kxh4 69. Be7# {Hossa checkmated} 1-0

[Event "ICS rated standard match"]
[Site "204.178.125.65"]
[Date "1999.11.14"]
[Round "?"]
[White "Hossa"]
[Black "robbok1"]
[Result "0-1"]
[WhiteElo "2299"]
[BlackElo "2492"]
[PlyCount "88"]
[EventDate "1999.??.??"]

1. d4 Nf6 2. c4 c5 3. d5 b5 4. cxb5 a6 5. Nc3 axb5 6. e4 b4 7. Nb5 d6 8. Bf4 g5
9. Bxg5 Nxe4 10. Bf4 Qa5 11. Bc4 Bg7 12. Qe2 b3+ 13. Kf1 f5 14. f3 O-O 15. fxe4
fxe4 16. g3 Qxa2 17. Rd1 Ra4 18. Qxe4 Qxb2 19. Qe2 Qxe2+ 20. Bxe2 Bf5 21. Nf3
Be4 22. Kf2 Nd7 23. Nc7 b2 24. Bd3 Bxd3 25. Rxd3 c4 26. Re3 c3 27. Rxe7 Ra2 28.
Re2 Ra1 29. Rhe1 Rxe1 30. Rxe1 c2 31. Bc1 b1=Q 32. Ne6 Rxf3+ 33. Kxf3 Ne5+ 34.
Kg2 Nd3 35. Rf1 Nxc1 36. Nf4 Nb3 37. Nd3 Qd1 38. Rxd1 cxd1=Q 39. Nf2 Qxd5+ 40.
Kg1 Qf3 41. h4 Bd4 42. Kh2 Bxf2 43. g4 Qg3+ 44. Kh1 44... Qg1# {
Hossa checkmated} 0-1

[Event "ICS rated blitz match"]
[Site "204.178.125.65"]
[Date "1999.11.14"]
[Round "?"]
[White "Hossa"]
[Black "prg3"]
[Result "0-1"]
[WhiteElo "2361"]
[BlackElo "2091"]
[PlyCount "152"]
[EventDate "1999.??.??"]

1. d4 Nf6 2. c4 g6 3. Nc3 Bg7 4. e4 d6 5. Be2 O-O 6. Nf3 e5 7. dxe5 dxe5 8.
Qxd8 Rxd8 9. Bg5 Re8 10. Nd5 Nxd5 11. cxd5 c6 12. d6 f6 13. Be3 Be6 14. O-O Rd8
15. Bc5 b6 16. Ba3 c5 17. b4 cxb4 18. Bxb4 Nc6 19. Ba3 Na5 20. Rfd1 Rac8 21.
Ne1 Nc4 22. Bxc4 Rxc4 23. Rd3 Bf8 24. Rad1 b5 25. f3 b4 26. Bb2 Rc6 27. f4 exf4
28. Bxf6 Rdxd6 29. Rxd6 Rxd6 30. Rxd6 Bxd6 31. Nd3 Bxa2 32. e5 Bf8 33. Nxf4
Bc5+ 34. Kh1 Bc4 35. Nh3 h6 36. Ng1 a5 37. Nf3 b3 38. Nd2 Bd5 39. Nb1 Kf7 40.
Bh8 Ke6 41. Nc3 Bd4 42. Nb1 a4 43. Bg7 Bxe5 44. Bxh6 Be4 45. Nd2 Bf5 46. g4
Bxg4 47. Bf8 b2 48. Bc5 Bf5 49. Kg2 b1=Q 50. Nxb1 Bxb1 51. h4 Bf6 52. Kg3 Bxh4+
53. Kxh4 Kd5 54. Be7 Kc4 55. Kg3 Kb3 56. Bf6 a3 57. Kf3 a2 58. Be5 Kc2 59. Ke2
Kb3 60. Kf3 Bf5 61. Kf4 Kc2 62. Kg5 Kb1 63. Bc7 a1=Q 64. Bb6 Qa6 65. Bg1 Qb5
66. Kh6 Kc2 67. Be3 Kd3 68. Bg5 Ke4 69. Bf6 Kf3 70. Bg5 Kg4 71. Bf6 Qb7 72. Bd4
Qf7 73. Be5 Kh3 74. Bd6 Kg4 75. Be5 g5 76. Bg7 76... Qg6# {Hossa checkmated}
0-1

[Event "ICS rated blitz match"]
[Site "204.178.125.65"]
[Date "1999.11.14"]
[Round "?"]
[White "prg3"]
[Black "Hossa"]
[Result "1/2-1/2"]
[WhiteElo "2117"]
[BlackElo "2335"]
[PlyCount "122"]
[EventDate "1999.??.??"]

1. d4 Nf6 2. c4 g6 3. Nc3 Bg7 4. e4 d6 5. Be2 O-O 6. Nf3 e5 7. dxe5 dxe5 8.
Qxd8 Rxd8 9. Bg5 Re8 10. Nd5 Nxd5 11. cxd5 c6 12. Bc4 cxd5 13. Bxd5 Nc6 14.
Bxc6 bxc6 15. O-O-O Be6 16. Rd3 Bxa2 17. b3 f5 18. Nd2 h6 19. Be3 f4 20. Bc5
Red8 21. Kc2 Rxd3 22. Kxd3 Rb8 23. Kc2 Rb5 24. Bd6 f3 25. g4 c5 26. Ra1 Rb6 27.
Bc7 Ra6 28. Kb2 c4 29. Nxc4 Bxb3 30. Rxa6 Bxc4 31. Rxa7 Bd3 32. Ra5 Bxe4 33.
Bxe5 Bf8 34. Kc3 Be7 35. Kd4 Bc2 36. Ra7 Kf8 37. Bg7+ Kxg7 38. Rxe7+ Kf6 39.
Rc7 Bb3 40. h4 Be6 41. Rc6 Kf7 42. Rxe6 Kxe6 43. Ke4 Kf6 44. Kxf3 Ke5 45. Ke3
Ke6 46. f4 Kf6 47. Ke4 Kg7 48. Ke5 Kf7 49. g5 hxg5 50. hxg5 Ke7 51. Kd5 Kd7 52.
Kc5 Ke6 53. Kd4 Kd6 54. Ke4 Ke6 55. Kf3 Kd6 56. Kg4 Ke6 57. Kf3 Kd6 58. Ke3 Ke7
59. Kd4 Kd6 60. Ke4 Ke6 61. Kd4 61... Kd6 {Game drawn by repetition} 1/2-1/2

[Event "ICS rated blitz match"]
[Site "204.178.125.65"]
[Date "1999.11.14"]
[Round "?"]
[White "Hossa"]
[Black "prg3"]
[Result "1-0"]
[WhiteElo "2326"]
[BlackElo "2126"]
[PlyCount "25"]
[EventDate "1999.??.??"]

1. d4 Nf6 2. c4 g6 3. Nc3 Bg7 4. e4 d6 5. f3 O-O 6. Be3 Nbd7 7. Qd2 e5 8. d5 a5
9. O-O-O Nc5 10. Bh6 Bd7 11. h4 Ne8 12. h5 Qf6 13. Bg5 {prg3 resigns} 1-0

[Event "ICS rated blitz match"]
[Site "204.178.125.65"]
[Date "1999.11.14"]
[Round "?"]
[White "prg3"]
[Black "Hossa"]
[Result "1-0"]
[WhiteElo "2118"]
[BlackElo "2334"]
[PlyCount "127"]
[EventDate "1999.??.??"]

1. d4 Nf6 2. c4 g6 3. Nc3 Bg7 4. e4 d6 5. Be2 O-O 6. Nf3 e5 7. dxe5 dxe5 8.
Qxd8 Rxd8 9. Bg5 Re8 10. Nd5 Nxd5 11. cxd5 c6 12. Bc4 cxd5 13. Bxd5 Nc6 14.
Bxc6 bxc6 15. O-O-O Be6 16. Rd3 Bxa2 17. b3 f5 18. Nd2 h6 19. Be3 f4 20. Bc5
Red8 21. Kc2 Rxd3 22. Kxd3 Rb8 23. Kc2 Rb5 24. Bd6 f3 25. gxf3 c5 26. Ra1 Rb6
27. Bc7 Ra6 28. Kb2 Rc6 29. Ba5 Bxb3 30. Kxb3 Kf7 31. Kc4 Bf8 32. Bc3 Ke6 33.
Rxa7 Rd6 34. Nb3 Rc6 35. Nc1 g5 36. Nd3 h5 37. Nxe5 Rc8 38. Ra6+ Bd6 39. Nd3
Kd7 40. h3 Be7 41. Ne5+ Kc7 42. Rc6+ Kb7 43. Rxc8 Kxc8 44. Nd3 Kc7 45. Nxc5 Kc6
46. Ne6 Kd6 47. Ng7 h4 48. Bb4+ Kd7 49. Bxe7 Kxe7 50. Kd5 Kf7 51. Nf5 Kf6 52.
Kd6 Kg6 53. Ne3 Kf7 54. e5 Ke8 55. e6 g4 56. fxg4 Kd8 57. g5 Ke8 58. e7 Kf7 59.
Kd7 Kg7 60. e8=Q Kh7 61. Qf7+ Kh8 62. Qe7 Kg8 63. g6 Kh8 64. Qh7# {
Hossa checkmated} 1-0

[Event "ICS rated blitz match"]
[Site "204.178.125.65"]
[Date "1999.11.14"]
[Round "?"]
[White "Hossa"]
[Black "Frankly2"]
[Result "0-1"]
[WhiteElo "2309"]
[BlackElo "2613"]
[PlyCount "78"]
[EventDate "1999.??.??"]

1. d4 Nf6 2. c4 e6 3. Nc3 Bb4 4. e3 O-O 5. Bd3 d5 6. Nf3 c5 7. O-O Nc6 8. a3
Bxc3 9. bxc3 dxc4 10. Bxc4 Qc7 11. Bb2 e5 12. d5 Na5 13. Ba2 e4 14. Nd2 c4 15.
Qa4 Rd8 16. d6 Qxd6 17. Nxe4 Nxe4 18. Qxa5 Be6 19. Qh5 Qb6 20. Rab1 Nd2 21. Ba1
Qc6 22. Rfe1 Nxb1 23. Bxb1 g6 24. Qh6 Qa4 25. Qh4 Rd1 26. f4 Rad8 27. Kf2 R8d2+
28. Kf3 Rxb1 29. f5 Bxf5 30. Rxb1 Bxb1 31. Qe7 Qd1+ 32. Kg3 Qe1+ 33. Kh3 Bf5+
34. g4 Qf1+ 35. Kh4 Qf2+ 36. Kg5 f6+ 37. Kxf6 Be6+ 38. Kxe6 Qxe3+ 39. Kf6 39...
Rf2# {Hossa checkmated} 0-1

[Event "ICS rated blitz match"]
[Site "204.178.125.65"]
[Date "1999.11.14"]
[Round "?"]
[White "Hossa"]
[Black "prg3"]
[Result "1-0"]
[WhiteElo "2313"]
[BlackElo "2130"]
[PlyCount "71"]
[EventDate "1999.??.??"]

1. d4 d5 2. c4 dxc4 3. e4 c5 4. d5 e6 5. Bxc4 exd5 6. exd5 Bd6 7. Nc3 Nf6 8.
Nb5 O-O 9. Nxd6 Qxd6 10. Ne2 Bg4 11. f3 Bh5 12. Bf4 Qb6 13. O-O Nbd7 14. Qb3
Qxb3 15. axb3 a6 16. Bd6 Rfe8 17. Nf4 Bg6 18. Rfe1 Rxe1+ 19. Rxe1 b5 20. Bf1
Nb6 21. Re5 Nbd7 22. Re2 Nb6 23. Rd2 Nbd7 24. b4 c4 25. g4 h6 26. h4 Bh7 27. g5
hxg5 28. hxg5 Ne8 29. Bc5 Bf5 30. d6 g6 31. Nd5 Ng7 32. Ne7+ Kf8 33. Rh2 Ke8
34. Rh8+ Nf8 35. Nd5 Kd7 36. Nb6+ {prg3 resigns} 1-0

[Event "ICS rated blitz match"]
[Site "204.178.125.65"]
[Date "1999.11.14"]
[Round "?"]
[White "prg3"]
[Black "Hossa"]
[Result "1-0"]
[WhiteElo "2122"]
[BlackElo "2321"]
[PlyCount "145"]
[EventDate "1999.??.??"]

1. d4 Nf6 2. c4 c5 3. d5 b5 4. cxb5 a6 5. bxa6 Bxa6 6. Nc3 d6 7. Nf3 g6 8. e4
Bxf1 9. Kxf1 Bg7 10. h3 O-O 11. Kg1 e6 12. Kh2 exd5 13. exd5 Re8 14. Re1 Rxe1
15. Qxe1 Na6 16. Bg5 Nb4 17. Qd2 Qd7 18. a3 Qf5 19. Rd1 Na6 20. Qf4 Qxf4+ 21.
Bxf4 Rb8 22. Bxd6 Rxb2 23. Be5 Rc2 24. Bxf6 Bxf6 25. Ne4 Bd8 26. Rd2 Rc1 27.
Ne5 f5 28. Nc6 Bh4 29. g3 Bd8 30. Nxd8 fxe4 31. Nc6 Rb1 32. d6 Nb8 33. Ne7+ Kf7
34. d7 Nxd7 35. Rxd7 Ke6 36. Ra7 Rb2 37. Kg1 c4 38. Nc6 Ra2 39. Nb4 Ra1+ 40.
Kg2 Kd6 41. h4 h5 42. Nc2 Ra2 43. Ne3 c3 44. Ra6+ Kd7 45. Rxg6 c2 46. Nxc2 Rxc2
47. Kf1 Rc3 48. Rg5 e3 49. fxe3 Rxe3 50. Kf2 Rxa3 51. Rxh5 Ra8 52. Rg5 Rh8 53.
Rf5 Ke6 54. Rf4 Kd6 55. Kf3 Ke7 56. Rf5 Rc8 57. Kf4 Rc2 58. h5 Rc4+ 59. Kg5 Rc3
60. g4 Rc8 61. h6 Rg8+ 62. Kh5 Rd8 63. h7 Rh8 64. Kh6 Kd6 65. Kg7 Kc7 66. Kxh8
Kc6 67. Kg7 Kb6 68. h8=Q Kb7 69. Qe8 Kc7 70. Qe6 Kd8 71. Rf8+ Kc7 72. Rf7+ Kb8
73. Qe8# {Hossa checkmated} 1-0

[Event "ICS rated blitz match"]
[Site "204.178.125.65"]
[Date "1999.11.14"]
[Round "?"]
[White "Hossa"]
[Black "prg3"]
[Result "1-0"]
[WhiteElo "2297"]
[BlackElo "2146"]
[PlyCount "80"]
[EventDate "1999.??.??"]

1. d4 d5 2. c4 c6 3. Nc3 g6 4. e4 dxe4 5. Nxe4 Bg7 6. Nf3 Nf6 7. Bd3 Nxe4 8.
Bxe4 Nd7 9. O-O Nf6 10. Bc2 Bg4 11. Be3 Qd7 12. Qe2 Bxf3 13. Qxf3 Qg4 14. Bd1
h5 15. b4 O-O-O 16. a4 Qxf3 17. Bxf3 Ng4 18. Rad1 e6 19. b5 Nxe3 20. fxe3 Kc7
21. bxc6 bxc6 22. Rb1 Rb8 23. Rxb8 Rxb8 24. Bxh5 Rf8 25. Bd1 Bh6 26. Rf3 f5 27.
Bc2 Kd7 28. e4 fxe4 29. Rxf8 Bxf8 30. Kf2 e5 31. dxe5 Bc5+ 32. Ke2 e3 33. Bxg6
Bd4 34. Bf5+ Ke7 35. h3 c5 36. g4 Kf7 37. h4 Bxe5 38. Kxe3 Bg3 39. h5 Kf6 40.
h6 40... Bf4+ {prg3 resigns} 1-0

[Event "ICS rated blitz match"]
[Site "204.178.125.65"]
[Date "1999.11.14"]
[Round "?"]
[White "prg3"]
[Black "Hossa"]
[Result "0-1"]
[WhiteElo "2137"]
[BlackElo "2306"]
[PlyCount "53"]
[EventDate "1999.??.??"]

1. d4 d5 2. c4 e6 3. Nc3 Nf6 4. Bg5 Be7 5. Nf3 O-O 6. e3 Nbd7 7. Rc1 h6 8. Bh4
g5 9. Bg3 c5 10. cxd5 exd5 11. Ne5 cxd4 12. exd4 h5 13. Nxd7 Bxd7 14. Be5 Bf5
15. Bd3 Bxd3 16. Qxd3 Re8 17. O-O Ng4 18. h3 Nxe5 19. dxe5 Bf8 20. Rfe1 Bg7 21.
Qf5 Re6 22. Rcd1 d4 23. Nb5 Qa5 24. a4 Rae8 25. Qxg5 Qxa4 26. Nxd4 Rxe5 27.
Rxe5 {prg3 resigns} 0-1